Rājaṭarañgiṇi : (Record no. 22406)
[ view plain ]
| 000 -LEADER | |
|---|---|
| fixed length control field | 00891cam a2200265u 4500 |
| 001 - CONTROL NUMBER | |
| control field | 9731422 |
| 003 - CONTROL NUMBER IDENTIFIER | |
| control field | BDDh-ASL |
| 005 - DATE AND TIME OF LATEST TRANSACTION | |
| control field | 20231015030129.0 |
| 008 - FIXED-LENGTH DATA ELEMENTS--GENERAL INFORMATION | |
| fixed length control field | 830216s1935 ii h 000 0 eng |
| 010 ## - LIBRARY OF CONGRESS CONTROL NUMBER | |
| LC control number | 42050653 |
| 040 ## - CATALOGING SOURCE | |
| Original cataloging agency | DLC |
| Transcribing agency | CarP |
| Modifying agency | DLC |
| -- | BDDh-ASL |
| 043 ## - GEOGRAPHIC AREA CODE | |
| Geographic area code | a-ii--- |
| 050 00 - LIBRARY OF CONGRESS CALL NUMBER | |
| Classification number | DS485.K2 |
| Item number | K14 1935 |
| 082 ## - DEWEY DECIMAL CLASSIFICATION NUMBER | |
| Classification number | 954 |
| Item number | KAR |
| 100 0# - MAIN ENTRY--PERSONAL NAME | |
| Personal name | Kalhaṇa, |
| Dates associated with a name | active 12th century. |
| 240 10 - UNIFORM TITLE | |
| Uniform title | Rajatarañginī. |
| Language of a work | English. |
| 245 10 - TITLE STATEMENT | |
| Title | Rājaṭarañgiṇi : |
| Remainder of title | the saga of the kings of Kaśmīr / |
| 260 ## - PUBLICATION, DISTRIBUTION, ETC. | |
| Place of publication, distribution, etc. | Allahabad, India : |
| Name of publisher, distributor, etc. | The Indian press, ltd. |
| Date of publication, distribution, etc. | [1935] |
| 300 ## - PHYSICAL DESCRIPTION | |
| Extent | xxxv, 645 p. : |
| Other physical details | xxi pl. (incl. col. front., facsim.) on 11 l. |
| Dimensions | 29 x 23 cm. |
| 651 #0 - SUBJECT ADDED ENTRY--GEOGRAPHIC NAME | |
| Geographic name | Jammu and Kashmir (India) |
| General subdivision | History. |
| 700 1# - ADDED ENTRY--PERSONAL NAME | |
| Personal name | Pandit, Ranjit Sitaram, [from old catalog] |
| Relator term | tr. |
| 740 0# - ADDED ENTRY--UNCONTROLLED RELATED/ANALYTICAL TITLE | |
| Uncontrolled related/analytical title | River of kings. |
| 906 ## - LOCAL DATA ELEMENT F, LDF (RLIN) | |
| a | 0 |
| b | cbc |
| c | premunv |
| d | u |
| e | ncip |
| f | 19 |
| g | y-gencatlg |
| 942 ## - ADDED ENTRY ELEMENTS (KOHA) | |
| Source of classification or shelving scheme | Dewey Decimal Classification |
| Koha item type | Books |
| Withdrawn status | Lost status | Source of classification or shelving scheme | Damaged status | Not for loan | Collection code | Home library | Current library | Shelving location | Date acquired | Source of acquisition | Total Checkouts | Full call number | Barcode | Date last seen | Price effective from | Koha item type | Public note |
|---|---|---|---|---|---|---|---|---|---|---|---|---|---|---|---|---|---|
| Dewey Decimal Classification | Damaged | Not For Loan | Non-fiction | Asiatic Society Library | Asiatic Society Library | General Stacks | 02/27/2021 | ASB Library Collections | 954 KAR | 106643 | 02/27/2021 | 02/27/2021 | Books | RARE |